00716nam a22001937a 4500999001900000005001700019010001500036020002700051035001400078037001300092082000800105100002500113245008800138260004500226270008800271300002100359942002200380952012000402 c189350d18935020220624110809.0 aENG-133377 a9789350536551c1500.00 aEN-116909 bDBAD/PUB a543 aGondaliya, Manish V. aAnalytical Chemistry:bApplication Theory and Instrumentation/cManish V. Gondaliya aNew DelhibCyber Tech Publicationsc2018 a4264/3, Ansari Road, Darya GanjbNew Delhie110002mcybertechpublications@gmail.com a224p.c23cm(hbk) 2ddccENh543mGON 001040708NFICaAVbAVd2022-06-24eDBAD/PUBg1500.00l0o543 GONpEN-116909r2022-06-24 00:00:00t1v1500.00yEN